[Event "Skopje MKD"]
[Site "Skopje MKD"]
[Date "2014.03.29"]
[Round "1.33"]
[White "Hoffmann, Max"]
[Black "Djukic, Nikola"]
[Result "0-1"]
[WhiteElo "2063"]
[BlackElo "2551"]
[PlyCount "93"]
[EventDate "2014.03.29"]
[EventType "swiss"]
[EventRounds "9"]

1. Nf3 Nf6 2. c4 g6 3. b4 Bg7 4. Bb2 c6 5. g3 a5 6. bxa5 Qxa5 7. Bg2 Na6 8. Qc2
Nc5 9. Nc3 Qb4 10. d3 Na4 11. Qb3 Qa5 12. Qxa4 Qxa4 13. Nxa4 Rxa4 14. O-O O-O
15. Rfb1 d6 16. Ne1 e5 17. Nc2 Nd7 18. Bc3 Nc5 19. Rb4 Ra7 20. a4 Bg4 21. f3
Be6 22. a5 Rfa8 23. Rb2 e4 24. Bxg7 exd3 25. Nb4 Kxg7 26. Nxd3 Bxc4 27. Nxc5
dxc5 28. Rc1 Bb5 29. Rxc5 Rxa5 30. f4 Ra2 31. Rb1 Rxe2 32. Bf1 Rd2 33. Bxb5
cxb5 34. Rcxb5 Raa2 35. h4 Rg2+ 36. Kf1 Rh2 37. Kg1 Rag2+ 38. Kf1 Rxg3 39. h5
Rh4 40. Kf2 Rgg4 41. hxg6 Rxf4+ 42. Kg3 hxg6 43. Rxb7 Rhg4+ 44. Kh3 Rg5 45. Rb8
Rf3+ 46. Kh4 Rg2 47. R1b5 0-1

[Event "Skopje MKD"]
[Site "Skopje MKD"]
[Date "2014.03.29"]
[Round "1.34"]
[White "Savic, Miodrag R"]
[Black "Ilic, Slobodan S"]
[Result "1-0"]
[WhiteElo "2536"]
[BlackElo "2055"]
[PlyCount "77"]
[EventDate "2014.03.29"]
[EventType "swiss"]
[EventRounds "9"]

1. e4 c5 2. c3 Nf6 3. e5 Nd5 4. Nf3 e6 5. d4 cxd4 6. cxd4 d6 7. a3 Bd7 8. Bd3
Bc6 9. O-O Nd7 10. b4 a6 11. Re1 Rc8 12. Qe2 h6 13. g3 Be7 14. Bb2 N7b6 15. Ra2
Qd7 16. exd6 Bxd6 17. Ne5 Bxe5 18. Qxe5 O-O 19. Nd2 Nf6 20. f3 Qd5 21. Raa1
Rfd8 22. Qxd5 Nfxd5 23. Rac1 Bb5 24. Be4 Rc6 25. Rxc6 Bxc6 26. Rc1 f5 27. Bb1
Kf7 28. Kf2 g5 29. Nb3 Na4 30. Ba1 Nc7 31. Na5 Nb5 32. Nxc6 bxc6 33. Rxc6 Nxd4
34. Rxa6 Nb3 35. Ra7+ Kg6 36. Be5 Rd1 37. g4 h5 38. gxf5+ exf5 39. Rg7+ 1-0

[Event "Skopje MKD"]
[Site "Skopje MKD"]
[Date "2014.03.29"]
[Round "1.35"]
[White "Schleich, Theodor"]
[Black "Can, Emre"]
[Result "0-1"]
[WhiteElo "2052"]
[BlackElo "2524"]
[PlyCount "86"]
[EventDate "2014.03.29"]
[EventType "swiss"]
[EventRounds "9"]

1. d4 Nf6 2. Bg5 Ne4 3. Bf4 c5 4. f3 Qa5+ 5. c3 Nf6 6. d5 d6 7. e4 e6 8. Nd2
exd5 9. exd5 Be7 10. Ne2 Qd8 11. c4 O-O 12. Nc3 Re8 13. Be2 Nh5 14. Bg3 Nxg3
15. hxg3 Nd7 16. Qc2 Nf8 17. O-O-O a6 18. Bd3 g6 19. Nde4 f5 20. Nf2 Bf6 21. g4
fxg4 22. fxg4 Bd7 23. Kb1 Be5 24. Nce4 b5 25. Rdf1 Rb8 26. b3 Re7 27. g5 Rf7
28. Nf6+ Bxf6 29. gxf6 Rxf6 30. g4 Rf4 31. Ne4 Rxe4 32. Bxe4 bxc4 33. Bxg6 Nxg6
34. Rxh7 Be8 35. Qh2 Qg5 36. Ra7 Nh4 37. Qxd6 Bg6+ 38. Ka1 Re8 39. bxc4 Qd2 40.
Qf6 Re1+ 41. Rxe1 Qxe1+ 42. Kb2 Qb1+ 43. Ka3 Qb4# 0-1

[Event "Skopje MKD"]
[Site "Skopje MKD"]
[Date "2014.03.29"]
[Round "1.36"]
[White "Blagojevic, Dragisa"]
[Black "Milutinovic, Stefana"]
[Result "1-0"]
[WhiteElo "2517"]
[BlackElo "2048"]
[PlyCount "89"]
[EventDate "2014.03.29"]
[EventType "swiss"]
[EventRounds "9"]

1. d4 Nf6 2. Nf3 g6 3. c4 c5 4. d5 d6 5. Nc3 Bg7 6. h3 O-O 7. e4 e6 8. Bd3 exd5
9. cxd5 Re8 10. O-O Nbd7 11. Bf4 Nf8 12. Re1 a6 13. a4 Nh5 14. Bg5 Qb6 15. Qd2
Nd7 16. Bf1 Ne5 17. Nh2 Qc7 18. Be3 Rb8 19. g4 Nf6 20. f4 Ned7 21. Bf2 h5 22.
g5 Nh7 23. Nf3 c4 24. Qc2 b5 25. axb5 axb5 26. Ra7 Qd8 27. Na2 Rb7 28. Nb4 Qc7
29. Ra3 Nc5 30. Nd4 Bd7 31. Ndc6 Na4 32. b3 cxb3 33. Rxb3 Nf8 34. Rc1 Kh7 35.
Bg2 Nc5 36. Ra3 Na4 37. Rb3 Nc5 38. Re3 Bxc6 39. dxc6 Ra7 40. e5 Nfe6 41. Nd5
Qd8 42. exd6 Qxd6 43. Rxe6 Nxe6 44. Bxa7 Ra8 45. Qd2 1-0

[Event "Skopje MKD"]
[Site "Skopje MKD"]
[Date "2014.03.29"]
[Round "1.37"]
[White "Mattes, Heinz"]
[Black "Baron, Tal"]
[Result "0-1"]
[WhiteElo "2043"]
[BlackElo "2513"]
[PlyCount "70"]
[EventDate "2014.03.29"]
[EventType "swiss"]
[EventRounds "9"]

1. d4 d5 2. Nf3 Nf6 3. e3 c5 4. b3 Nc6 5. Bd3 Bg4 6. Bb2 e6 7. O-O Bd6 8. Nbd2
O-O 9. a3 Rc8 10. c4 cxd4 11. exd4 Bf4 12. Be2 b6 13. Ne5 Bxe2 14. Qxe2 Na5 15.
Nef3 Bxd2 16. Nxd2 Nxb3 17. Nxb3 dxc4 18. d5 cxb3 19. dxe6 Qe7 20. exf7+ Qxf7
21. Rac1 Rfe8 22. Qd3 Rxc1 23. Rxc1 Ne4 24. Qd4 Nc5 25. h3 h6 26. Rc3 Re1+ 27.
Kh2 Re4 28. Qd8+ Re8 29. Qd4 Re6 30. Qd8+ Qf8 31. Qh4 Qd6+ 32. Qg3 g5 33. Qxd6
Rxd6 34. Bc1 Rd1 35. Bb2 Rd2 0-1

[Event "Skopje MKD"]
[Site "Skopje MKD"]
[Date "2014.03.29"]
[Round "1.38"]
[White "Antipov, Mikhail Al"]
[Black "Hadzi Manev, Ljubomir"]
[Result "1-0"]
[WhiteElo "2507"]
[BlackElo "2034"]
[PlyCount "45"]
[EventDate "2014.03.29"]
[EventType "swiss"]
[EventRounds "9"]

1. e4 c6 2. d4 d5 3. e5 Bf5 4. Nd2 e6 5. Nb3 Nd7 6. Nf3 a6 7. Be2 Ne7 8. O-O c5
9. Nxc5 Nxc5 10. dxc5 Nc6 11. Be3 Qc7 12. c3 Nxe5 13. Nxe5 Qxe5 14. Qa4+ Kd8
15. Rad1 Rc8 16. Rfe1 Qc7 17. c4 Bxc5 18. cxd5 Ke7 19. dxe6 Bxe6 20. Qh4+ Ke8
21. Rc1 Qe7 22. Qa4+ Kf8 23. Qc2 1-0

[Event "Skopje MKD"]
[Site "Skopje MKD"]
[Date "2014.03.29"]
[Round "1.39"]
[White "Spelec, Darko"]
[Black "Nedev, Trajce"]
[Result "0-1"]
[WhiteElo "2033"]
[BlackElo "2504"]
[PlyCount "212"]
[EventDate "2014.03.29"]
[EventType "swiss"]
[EventRounds "9"]

1. d4 Nf6 2. Bg5 Ne4 3. Bf4 c5 4. f3 Nf6 5. d5 Nh5 6. Bg5 h6 7. Bh4 Qb6 8. Bf2
Qxb2 9. Nd2 Na6 10. a3 g6 11. Rb1 Qxa3 12. Rb3 Qa5 13. e3 Bg7 14. g4 Nf6 15. e4
d6 16. Qb1 O-O 17. Be3 e6 18. dxe6 fxe6 19. Kd1 Nxg4 20. fxg4 d5 21. Ne2 d4 22.
Nc4 Qa4 23. Nb2 Qc6 24. Bd2 c4 25. Nxc4 Qxc4 26. Nf4 Qc6 27. Bg2 e5 28. Nd5
Bxg4+ 29. Kc1 Rf7 30. Rg3 Be2 31. Rg1 Raf8 32. Bh3 g5 33. Qb3 Bc4 34. Qa3 Bxd5
35. exd5 Qxd5 36. Bg2 e4 37. h4 Qe5 38. Bxg5 hxg5 39. Rxg5 Qf4+ 40. Kb1 Re8 41.
Bf1 Kh7 42. Bc4 Rc7 43. Rh5+ Bh6 44. Qb3 Nc5 45. Bg8+ Kh8 46. Qd5 Rg7 47. Rgg5
Qf1+ 48. Ka2 Qa6+ 49. Kb1 Qb6+ 50. Ka1 Rexg8 51. Rxh6+ Qxh6 52. Rh5 Kh7 53.
Qxc5 e3 54. Qe5 Rg6 55. Rxh6+ Kxh6 56. Qf4+ Kh7 57. h5 Rg4 58. Qf5+ Kh6 59. Kb2
R8g7 60. Qe5 b6 61. Qe8 Rf4 62. Qh8+ Rh7 63. Qe5 Rhf7 64. Qh8+ Kg5 65. h6 e2
66. h7 Rxh7 67. Qe5+ Rf5 68. Qxe2 Rc7 69. Qd2+ Kg6 70. Qd3 Rd7 71. Qe4 Rdd5 72.
Qe6+ Kg5 73. Qe7+ Rf6 74. Qg7+ Kf5 75. Qxa7 Rdd6 76. Qh7+ Ke5 77. Qh5+ Ke4 78.
Qe2+ Kf4 79. Qf2+ Kg5 80. Qg3+ Kf5 81. Qf3+ Kg6 82. Qe4+ Kf7 83. Qh7+ Ke8 84.
Qg8+ Kd7 85. Qg7+ Kc6 86. Qg8 Kb7 87. Qg2+ Rc6 88. Qd5 Rfd6 89. Qf7+ Rc7 90.
Qf3+ Rdc6 91. Qd5 Ka7 92. Qxd4 Rxc2+ 93. Kb3 R2c5 94. Qa4+ Ra5 95. Qf4 Rb5+ 96.
Ka4 Rbc5 97. Kb4 Rc3 98. Qd4 Ka6 99. Qd5 R7c4+ 100. Qxc4+ Rxc4+ 101. Kxc4 Ka5
102. Kc3 Ka4 103. Kc4 b5+ 104. Kc3 Ka3 105. Kc2 b4 106. Kc1 Ka2 0-1

[Event "Skopje MKD"]
[Site "Skopje MKD"]
[Date "2014.03.29"]
[Round "1.40"]
[White "Semcesen, Daniel"]
[Black "Zekaj, Dritan"]
[Result "1-0"]
[WhiteElo "2502"]
[BlackElo "2031"]
[PlyCount "63"]
[EventDate "2014.03.29"]
[EventType "swiss"]
[EventRounds "9"]

1. d4 Nf6 2. c4 g6 3. Nc3 d5 4. Nf3 Bg7 5. Qb3 dxc4 6. Qxc4 O-O 7. e4 a6 8. Qa4
Nbd7 9. Qa3 Nb6 10. h3 Qd6 11. Qb3 Be6 12. d5 Nbxd5 13. exd5 Nxd5 14. Bc4 Nxc3
15. bxc3 Bxc4 16. Qxc4 b5 17. Qb3 Qd3 18. Bd2 Rfd8 19. O-O-O c5 20. Be3 Qxc3+
21. Qxc3 Bxc3 22. Bxc5 Rdc8 23. Be3 Rc4 24. Nd2 Ra4 25. Kb1 a5 26. Rc1 Rb4+ 27.
Nb3 Bf6 28. Bd2 Re4 29. Bxa5 Ra4 30. Rhd1 R4xa5 31. Nxa5 Rxa5 32. Rc5 1-0

[Event "Skopje MKD"]
[Site "Skopje MKD"]
[Date "2014.03.29"]
[Round "1.41"]
[White "Blagojevic, Tijana"]
[Black "Henrichs, Thomas"]
[Result "0-1"]
[WhiteElo "2028"]
[BlackElo "2496"]
[PlyCount "156"]
[EventDate "2014.03.29"]
[EventType "swiss"]
[EventRounds "9"]

1. e4 c5 2. Nf3 d6 3. Bb5+ Nd7 4. d4 cxd4 5. Qxd4 a6 6. Bxd7+ Bxd7 7. Bg5 h6 8.
Bh4 Rc8 9. Nc3 e5 10. Qd3 g5 11. Bg3 Nf6 12. O-O-O Qa5 13. Nd2 Be6 14. Nb3 Qc7
15. h4 g4 16. h5 b5 17. f3 gxf3 18. gxf3 Rg8 19. Rdg1 Qc4 20. Qxc4 Rxc4 21. Bf2
Rxg1+ 22. Bxg1 Nh7 23. Be3 f5 24. exf5 Bxf5 25. Nd2 Rc6 26. Nde4 Kf7 27. Nd5
Ke6 28. Nec3 Nf6 29. Nxf6 Kxf6 30. Rh2 Ke6 31. Rd2 Rc4 32. Ne2 d5 33. Ng3 Bh7
34. Kd1 Rh4 35. Ke2 Rh3 36. Bf2 Be7 37. Kf1 Bg5 38. Re2 Rh4 39. Kg2 Rc4 40. c3
Bd3 41. Re1 b4 42. Bd4 Bf4 43. Be3 bxc3 44. bxc3 Bxe3 45. Rxe3 Rxc3 46. Ne2 Rc2
47. Rxd3 Rxe2+ 48. Kg3 Rxa2 49. Rb3 Kf5 50. Rb6 Kg5 51. Re6 Re2 52. Rxa6 Kxh5
53. Ra5 Rd2 54. Ra8 d4 55. Ra5 Re2 56. f4 Re3+ 57. Kf2 Kg4 58. fxe5 Kf4 59. Rd5
Ke4 60. Rd6 h5 61. Rh6 Rf3+ 62. Ke1 Re3+ 63. Kd2 Rh3 64. e6 Rh2+ 65. Kd1 Kd3
66. Ke1 Rh1+ 67. Kf2 Kd2 68. Rh8 Re1 69. Rd8 Re2+ 70. Kf1 d3 71. Rd6 h4 72. Ra6
Re5 73. Ra2+ Ke3 74. Rh2 d2 75. Re2+ Kd3 76. Rxe5 d1=Q+ 77. Re1 Qf3+ 78. Kg1 h3
0-1

[Event "Skopje MKD"]
[Site "Skopje MKD"]
[Date "2014.03.29"]
[Round "1.42"]
[White "Colovic, Aleksandar"]
[Black "Van der Merwe, Cecile Henriette"]
[Result "1-0"]
[WhiteElo "2493"]
[BlackElo "2026"]
[PlyCount "55"]
[EventDate "2014.03.29"]
[EventType "swiss"]
[EventRounds "9"]

1. e4 c5 2. Nf3 Nc6 3. d4 cxd4 4. Nxd4 g6 5. c4 Nf6 6. Nc3 d6 7. Be2 Nxd4 8.
Qxd4 Bg7 9. Be3 O-O 10. Qd2 a5 11. Rd1 a4 12. c5 Qa5 13. cxd6 exd6 14. O-O Ng4
15. Bd4 Ne5 16. f4 Nc6 17. Bxg7 Kxg7 18. f5 f6 19. fxg6 hxg6 20. Qxd6 Qg5 21.
Nd5 Ne5 22. Rc1 Bh3 23. Rc7+ Kh8 24. Nf4 Bg4 25. Bxg4 Qxg4 26. Ne6 Rfe8 27.
Rh7+ Kxh7 28. Qc7+ 1-0

[Event "Skopje MKD"]
[Site "Skopje MKD"]
[Date "2014.03.29"]
[Round "1.43"]
[White "Oltian, Vata"]
[Black "Franco Alonso, Alejandro"]
[Result "1/2-1/2"]
[WhiteElo "2022"]
[BlackElo "2489"]
[PlyCount "105"]
[EventDate "2014.03.29"]
[EventType "swiss"]
[EventRounds "9"]

1. e4 c5 2. Nf3 e6 3. b3 Nc6 4. Bb5 Qb6 5. Bxc6 Qxc6 6. Nc3 Nf6 7. Qe2 b6 8.
Bb2 Bb7 9. Ne5 Qc8 10. Ng4 Nxg4 11. Qxg4 Qc6 12. O-O-O O-O-O 13. d3 f6 14. f4
Kb8 15. Rhe1 Ka8 16. h4 Rg8 17. Qh5 h6 18. Qf7 Bd6 19. e5 Rdf8 20. Qg6 Be7 21.
g3 fxe5 22. Rxe5 Bf6 23. Re2 e5 24. Rde1 exf4 25. Re8+ Rxe8 26. Rxe8+ Rxe8 27.
Qxe8+ Qc8 28. Qxc8+ Bxc8 29. gxf4 Bxh4 30. Nd5 g6 31. Be5 Kb7 32. Kd2 Kc6 33.
Bf6 Bxf6 34. Nxf6 h5 35. f5 gxf5 36. Nxh5 d5 37. Ke3 d4+ 38. Kf4 Kb5 39. a3 a5
40. Ke5 a4 41. Nf4 Bb7 42. Nh3 Bf3 43. Nf2 Bh5 44. Kxf5 Bf7 45. bxa4+ Kxa4 46.
Ke5 Kxa3 47. Kd6 Kb4 48. Kc6 b5 49. Ne4 c4 50. Nd6 Bg6 51. Nxb5 Bxd3 52. Nxd4
Be4+ 53. Kb6 1/2-1/2

[Event "Skopje MKD"]
[Site "Skopje MKD"]
[Date "2014.03.29"]
[Round "1.44"]
[White "Harika, Dronavalli"]
[Black "Orehek, Spela"]
[Result "1-0"]
[WhiteElo "2487"]
[BlackElo "2018"]
[PlyCount "49"]
[EventDate "2014.03.29"]
[EventType "swiss"]
[EventRounds "9"]

1. Nf3 d5 2. c4 c6 3. g3 Nf6 4. Bg2 e6 5. O-O dxc4 6. a4 Qc7 7. Na3 Nbd7 8.
Nxc4 b5 9. Na3 Bxa3 10. bxa3 Bb7 11. d4 O-O 12. Bf4 Qb6 13. Ne5 Rac8 14. Rb1
Nxe5 15. Bxe5 Nd5 16. Qd2 Rcd8 17. e4 Ne7 18. Qb4 Nc8 19. a5 Qa6 20. Rfc1 Rd7
21. a4 f6 22. Bf4 Rfd8 23. Be3 Nd6 24. d5 e5 25. Bf1 1-0

[Event "Skopje MKD"]
[Site "Skopje MKD"]
[Date "2014.03.29"]
[Round "1.45"]
[White "Markovski, Velo"]
[Black "Kadric, Denis"]
[Result "0-1"]
[WhiteElo "2017"]
[BlackElo "2485"]
[PlyCount "92"]
[EventDate "2014.03.29"]
[EventType "swiss"]
[EventRounds "9"]

1. e4 c5 2. Nf3 d6 3. c3 Nf6 4. Bb5+ Nbd7 5. Qe2 a6 6. Ba4 e5 7. O-O Be7 8. d4
O-O 9. Bg5 h6 10. Bh4 Nh5 11. Bg3 Nxg3 12. hxg3 b5 13. Bc2 Bb7 14. Rd1 Qc7 15.
d5 c4 16. Nbd2 g6 17. Nf1 Nc5 18. Ne3 Bc8 19. Rd2 Kg7 20. Rad1 Qa7 21. Nh2 Bd8
22. Kh1 Bb6 23. Nef1 Re8 24. f4 exf4 25. gxf4 Bf5 26. Ng3 Bxe4 27. Qg4 Bxc2 28.
Rxc2 Ne4 29. f5 Nxg3+ 30. Qxg3 Re5 31. Rf1 Qd7 32. fxg6 fxg6 33. Qh4 Rae8 34.
Qf6+ Kh7 35. Rcc1 Qe7 36. Qf3 Kg7 37. Rcd1 Rf8 38. Qh3 Rxf1+ 39. Rxf1 Rxd5 40.
Qc8 Rh5 41. Qg4 d5 42. Qf4 Bc7 43. Qd4+ Be5 44. Qxd5 Rxh2+ 45. Kg1 Rh1+ 46.
Kxh1 Qh4+ 0-1

[Event "Skopje MKD"]
[Site "Skopje MKD"]
[Date "2014.03.29"]
[Round "1.46"]
[White "Firat, Burak"]
[Black "Bejatovic, Bojana"]
[Result "1-0"]
[WhiteElo "2480"]
[BlackElo "2016"]
[PlyCount "71"]
[EventDate "2014.03.29"]
[EventType "swiss"]
[EventRounds "9"]

1. e4 Nf6 2. e5 Nd5 3. d4 d6 4. Nf3 g6 5. c4 Nb6 6. exd6 cxd6 7. Nc3 Bg7 8. Be3
Nc6 9. h3 O-O 10. Be2 Bf5 11. O-O e5 12. Bg5 f6 13. Be3 Qe7 14. d5 Nd8 15. b4
Bd7 16. c5 e4 17. cxb6 exf3 18. Bxf3 f5 19. Rc1 axb6 20. Bxb6 Nf7 21. Bd4 Ne5
22. Be2 f4 23. f3 Qg5 24. Ne4 Qh4 25. Rc7 Rf7 26. Bf2 Qd8 27. Bb6 Qh4 28. Qe1
Qxe1 29. Rxe1 Bf8 30. Bd4 Rxa2 31. Bxe5 dxe5 32. d6 Be6 33. d7 Ra8 34. Ng5 Bxb4
35. Nxf7 Bxe1 36. d8=Q+ 1-0

[Event "Skopje MKD"]
[Site "Skopje MKD"]
[Date "2014.03.29"]
[Round "1.47"]
[White "Ilic, Slobodan R"]
[Black "Todorovic, Goran M"]
[Result "0-1"]
[WhiteElo "2012"]
[BlackElo "2476"]
[PlyCount "102"]
[EventDate "2014.03.29"]
[EventType "swiss"]
[EventRounds "9"]

1. Nf3 d5 2. g3 Bg4 3. Bg2 c6 4. O-O Nf6 5. b3 Nbd7 6. Bb2 e6 7. d3 Be7 8. Nbd2
O-O 9. c4 a5 10. Qc2 a4 11. Rab1 a3 12. Ba1 Nc5 13. h3 Bh5 14. g4 Bg6 15. Ne5
Na6 16. Nxg6 hxg6 17. Nf3 c5 18. Bc3 d4 19. Bd2 Bd6 20. b4 e5 21. bxc5 Nxc5 22.
Rb5 Qe7 23. Ng5 Ra7 24. Rfb1 Rc8 25. e3 Rc7 26. Re1 Qd8 27. exd4 exd4 28. Nf3
Ne6 29. Qc1 Qd7 30. Qa1 Bf4 31. Bb4 Rc8 32. Qd1 Re8 33. Ne5 Qc7 34. Nf3 g5 35.
Qb3 b6 36. Kf1 Rd8 37. Re2 Ra6 38. Bxa3 Nd7 39. Rxe6 fxe6 40. Nxd4 Nc5 41. Bxc5
bxc5 42. Nxe6 Rxe6 43. Bd5 Rde8 44. Rb6 Bd6 45. Rc6 Qd7 46. Qb6 Kh8 47. Bxe6
Rxe6 48. Qa6 Qe7 49. Qa8+ Kh7 50. Rc8 Re1+ 51. Kg2 Qe5 0-1

[Event "Skopje MKD"]
[Site "Skopje MKD"]
[Date "2014.03.29"]
[Round "1.48"]
[White "Georgescu, Tiberiu"]
[Black "Mihajlovski, Petre"]
[Result "1-0"]
[WhiteElo "2468"]
[BlackElo "2007"]
[PlyCount "71"]
[EventDate "2014.03.29"]
[EventType "swiss"]
[EventRounds "9"]

1. d4 d5 2. c4 e6 3. Nc3 Nf6 4. cxd5 exd5 5. Bg5 Be7 6. e3 c6 7. Qc2 O-O 8. Bd3
h6 9. Bh4 Re8 10. Nge2 Nbd7 11. f3 c5 12. O-O cxd4 13. Nxd4 Ne5 14. Bb5 Bd7 15.
Bxd7 Qxd7 16. Qf5 Qxf5 17. Nxf5 Bb4 18. Bxf6 Bxc3 19. Nxg7 Bd2 20. Nxe8 Bxe3+
21. Kh1 Rxe8 22. Rad1 d4 23. Bxe5 Rxe5 24. Rd3 Rc5 25. Rb3 b6 26. Rd1 Rc2 27.
h4 Kg7 28. Kh2 f5 29. Kh3 Kf6 30. Rb5 h5 31. a4 Ke6 32. b3 Rc1 33. Rxc1 Bxc1
34. Kg3 Be3 35. f4 d3 36. Re5+ 1-0

[Event "Skopje MKD"]
[Site "Skopje MKD"]
[Date "2014.03.29"]
[Round "1.49"]
[White "Padjen, Zdenko"]
[Black "Pancevski, Filip"]
[Result "0-1"]
[WhiteElo "2004"]
[BlackElo "2466"]
[PlyCount "44"]
[EventDate "2014.03.29"]
[EventType "swiss"]
[EventRounds "9"]

1. e4 e5 2. Nf3 Nc6 3. Bb5 a6 4. Ba4 Nf6 5. O-O Be7 6. Bxc6 dxc6 7. d3 Nd7 8.
Nbd2 O-O 9. Nc4 f6 10. Nh4 Nc5 11. Bd2 Re8 12. f4 exf4 13. Rxf4 Bf8 14. Rf2
Nxe4 15. dxe4 Rxe4 16. Rf4 Qd4+ 17. Be3 Qxc4 18. Qd8 Rxf4 19. Bxf4 Qxf4 20. Re1
Qxh4 21. Re8 Qb4 22. Qxc7 Bf5 0-1

[Event "Skopje MKD"]
[Site "Skopje MKD"]
[Date "2014.03.29"]
[Round "1.50"]
[White "Donchenko, Alexander"]
[Black "Stojkovska, Monika"]
[Result "1-0"]
[WhiteElo "2463"]
[BlackElo "1997"]
[PlyCount "143"]
[EventDate "2014.03.29"]
[EventType "swiss"]
[EventRounds "9"]

1. c4 c5 2. g3 Nc6 3. Bg2 g6 4. Nc3 Bg7 5. Nf3 Nf6 6. d4 cxd4 7. Nxd4 O-O 8.
O-O Nxd4 9. Qxd4 d6 10. Qd3 Nd7 11. b3 Nc5 12. Qd2 a5 13. Rd1 Bd7 14. Ba3 Bc6
15. Rac1 Bxg2 16. Kxg2 b6 17. Nd5 Ra7 18. Re1 e6 19. Nc3 Rd7 20. Red1 Qa8+ 21.
f3 Qc6 22. Rc2 f5 23. Qe3 Be5 24. Qc1 Rfd8 25. Bb2 Bg7 26. Qf4 d5 27. cxd5 exd5
28. Na4 Bxb2 29. Nxb2 Qe6 30. Nd3 Nxd3 31. Rxd3 d4 32. Rcd2 Qf6 33. g4 Qg7 34.
gxf5 gxf5+ 35. Qg3 f4 36. Qxg7+ Kxg7 37. Rc2 Rd6 38. Kf2 Kf6 39. Rd1 R8d7 40.
Rc8 d3 41. Rf8+ Ke5 42. exd3 Rxd3 43. Re1+ Kd4 44. Rxf4+ Kc3 45. Re2 Rd2 46.
Rfe4 Kb2 47. Ke1 Rxe2+ 48. Rxe2+ Ka3 49. f4 Rf7 50. Rf2 b5 51. f5 a4 52. bxa4
bxa4 53. f6 Kb4 54. Kd2 Kc4 55. Rf4+ Kd5 56. Kc3 Ke5 57. Rf3 Rxf6 58. Rxf6 Kxf6
59. Kb4 Kg5 60. Kxa4 Kh4 61. Kb4 Kh3 62. a4 Kxh2 63. a5 h5 64. a6 h4 65. a7 h3
66. a8=Q Kg1 67. Qg8+ Kh1 68. Qd5+ Kg1 69. Qg5+ Kh1 70. Qf4 Kg2 71. Qg4+ Kh2
72. Kc3 1-0

[Event "Skopje MKD"]
[Site "Skopje MKD"]
[Date "2014.03.29"]
[Round "1.51"]
[White "Dimov, Daniel"]
[Black "Pavlidis, Antonios"]
[Result "0-1"]
[WhiteElo "1997"]
[BlackElo "2463"]
[PlyCount "70"]
[EventDate "2014.03.29"]
[EventType "swiss"]
[EventRounds "9"]

1. e4 c5 2. Nc3 e6 3. Nf3 Nc6 4. d4 cxd4 5. Nxd4 Qc7 6. g3 a6 7. Bg2 d6 8. Be3
Nf6 9. Qd2 Ng4 10. Rd1 Nxe3 11. Qxe3 Be7 12. Nb3 Ne5 13. Bf1 O-O 14. Be2 b5 15.
a3 Rb8 16. Nd2 Bd7 17. O-O a5 18. Ra1 Rfc8 19. Rfc1 h6 20. Na2 Qb7 21. b4 Bg5
22. f4 Bd8 23. Qb3 a4 24. Qb2 Bb6+ 25. Kf1 Nc4 26. Bxc4 bxc4 27. c3 e5 28. f5
d5 29. Qc2 d4 30. cxd4 exd4 31. Re1 Bxf5 32. Kg2 Re8 33. Qd1 c3 34. Nc4 Bxe4+
35. Kh3 Bg2+ 0-1

[Event "Skopje MKD"]
[Site "Skopje MKD"]
[Date "2014.03.29"]
[Round "1.52"]
[White "Antic, Dejan"]
[Black "Graeffe, Petri"]
[Result "1-0"]
[WhiteElo "2462"]
[BlackElo "1996"]
[PlyCount "55"]
[EventDate "2014.03.29"]
[EventType "swiss"]
[EventRounds "9"]

1. d4 d5 2. c4 e6 3. Nf3 c5 4. cxd5 exd5 5. g3 Nc6 6. Bg2 Nf6 7. O-O Be7 8.
dxc5 Bxc5 9. Qc2 Be7 10. Rd1 O-O 11. Nc3 Qa5 12. Bg5 Rd8 13. Nd4 h6 14. Nb3 Qa6
15. Bxf6 Nb4 16. Qc1 Bxf6 17. a3 Nc6 18. Nxd5 Rxd5 19. Bxd5 Qxe2 20. Re1 Qxb2
21. Re8+ Kh7 22. Qxb2 Bxb2 23. Ra2 Bf6 24. Bxf7 Ne5 25. Bd5 Rb8 26. Nc5 Ng4 27.
Ne4 Bd4 28. Rc2 1-0

[Event "Skopje MKD"]
[Site "Skopje MKD"]
[Date "2014.03.29"]
[Round "1.53"]
[White "Nikolovski, Nikola"]
[Black "Arnaudov, Petar G"]
[Result "0-1"]
[WhiteElo "1996"]
[BlackElo "2459"]
[PlyCount "94"]
[EventDate "2014.03.29"]
[EventType "swiss"]
[EventRounds "9"]

1. e4 e5 2. Nf3 Nc6 3. d4 exd4 4. Bc4 Nf6 5. e5 Ng4 6. O-O d6 7. exd6 Bxd6 8.
Re1+ Kf8 9. Bb5 Bf5 10. Bxc6 bxc6 11. h3 d3 12. cxd3 Nf6 13. Nc3 h6 14. Qa4 Qd7
15. Bf4 c5 16. Bxd6+ cxd6 17. Qa6 Rb8 18. d4 Rb6 19. Qe2 c4 20. Qxc4 Rxb2 21.
Re3 g5 22. Rae1 Bg6 23. d5 Kg7 24. Qd4 Rhb8 25. Re7 Qf5 26. a3 R8b7 27. Rxb7
Rxb7 28. Ne4 Qf4 29. Nxf6 Qxf6 30. Qc4 Rb2 31. Qc8 Bf5 32. Qc1 Rb3 33. Nd2 Rd3
34. Nf1 Rxd5 35. Ne3 Rd3 36. Qc7 Be6 37. Qxa7 Qc3 38. Rb1 d5 39. a4 d4 40. Nf1
Ba2 41. Rb8 Rd1 42. Qa6 d3 43. Qd6 Rxf1+ 44. Kh2 Re1 45. Qf8+ Kg6 46. Qd6+ Be6
47. Rg8+ Kh7 0-1

[Event "Skopje MKD"]
[Site "Skopje MKD"]
[Date "2014.03.29"]
[Round "1.54"]
[White "Berescu, Alin Mile"]
[Black "Asani, Adem"]
[Result "1-0"]
[WhiteElo "2459"]
[BlackElo "1991"]
[PlyCount "61"]
[EventDate "2014.03.29"]
[EventType "swiss"]
[EventRounds "9"]

1. c4 g6 2. g3 Bg7 3. Bg2 c5 4. Nc3 Nc6 5. Nf3 Nf6 6. O-O O-O 7. d4 cxd4 8.
Nxd4 a6 9. e3 Qc7 10. b3 d6 11. h3 Bd7 12. Bb2 Rac8 13. Rc1 Nxd4 14. exd4 e6
15. Qf3 Bc6 16. d5 exd5 17. cxd5 Bd7 18. Ne4 Nxe4 19. Rxc7 Rxc7 20. Bxg7 Kxg7
21. Qxe4 Bf5 22. Qd4+ Kg8 23. g4 Bc8 24. Qf6 Rc2 25. Qxd6 Rxa2 26. Qe7 Rd2 27.
Rc1 b5 28. b4 Rd4 29. Rc7 h5 30. gxh5 Bf5 31. h6 1-0

[Event "Skopje MKD"]
[Site "Skopje MKD"]
[Date "2014.03.29"]
[Round "1.55"]
[White "Becker, Carsten"]
[Black "Dimitrov, Radoslav"]
[Result "0-1"]
[WhiteElo "1986"]
[BlackElo "2459"]
[PlyCount "56"]
[EventDate "2014.03.29"]
[EventType "swiss"]
[EventRounds "9"]

1. d4 Nc6 2. Nf3 Nf6 3. c3 g6 4. h3 Bg7 5. Bf4 O-O 6. Nbd2 d5 7. g4 h5 8. gxh5
Nxh5 9. e3 Nxf4 10. exf4 Qd6 11. Ne5 Qf6 12. Qf3 Bh6 13. Nd3 e5 14. dxe5 Nxe5
15. fxe5 Bxd2+ 16. Ke2 Qxf3+ 17. Kxf3 Bf5 18. Ke2 Bh6 19. Bg2 Rfe8 20. Rhe1 c6
21. Rad1 f6 22. f4 fxe5 23. fxe5 Rf8 24. Bf3 Rae8 25. Bg4 Bxg4+ 26. hxg4 Bf4
27. Rf1 Bxe5 28. Ke3 Bxc3+ 0-1

[Event "Skopje MKD"]
[Site "Skopje MKD"]
[Date "2014.03.29"]
[Round "1.56"]
[White "Arsovic, Zoran"]
[Black "Lazov, Toni"]
[Result "1-0"]
[WhiteElo "2450"]
[BlackElo "1965"]
[PlyCount "41"]
[EventDate "2014.03.29"]
[EventType "swiss"]
[EventRounds "9"]

1. Nf3 Nf6 2. c4 g6 3. Nc3 d5 4. cxd5 Nxd5 5. Qb3 Nb6 6. d4 Bg7 7. e4 O-O 8.
Be3 c5 9. dxc5 N6d7 10. Be2 Qa5 11. O-O Nxc5 12. Qc4 Ne6 13. Nd5 Re8 14. Nxe7+
Rxe7 15. Qxc8+ Nf8 16. Rfd1 Bxb2 17. Rab1 Qc3 18. Rd8 Qxc8 19. Rxc8 Ba3 20. Bc4
a5 21. Bd5 1-0

[Event "Skopje MKD"]
[Site "Skopje MKD"]
[Date "2014.03.29"]
[Round "1.57"]
[White "Cretnik, Urban"]
[Black "Bogdanovski, Vlatko"]
[Result "1-0"]
[WhiteElo "1959"]
[BlackElo "2447"]
[PlyCount "85"]
[EventDate "2014.03.29"]
[EventType "swiss"]
[EventRounds "9"]

1. e4 c6 2. d4 d5 3. Nc3 dxe4 4. Nxe4 Bf5 5. Ng3 Bg6 6. h4 h6 7. h5 Bh7 8. Nf3
e6 9. Bd3 Bxd3 10. Qxd3 Nf6 11. Bf4 Qa5+ 12. Bd2 Qc7 13. O-O-O Nbd7 14. Ne4
O-O-O 15. g3 Nc5 16. Nxc5 Bxc5 17. Bf4 Bd6 18. Be5 Bxe5 19. Nxe5 c5 20. Qc3 Ne4
21. Qe1 f5 22. f3 Nf6 23. Qc3 Rd5 24. Rhe1 cxd4 25. Rxd4 Qxc3 26. bxc3 Rhd8 27.
Rc4+ Kb8 28. g4 Ra5 29. Kb2 Rd6 30. a4 Rad5 31. Nd3 fxg4 32. fxg4 Rg5 33. Ne5
Rd5 34. Nf7 Rxg4 35. Rxg4 Nxg4 36. Rxe6 Rd7 37. Nd6 Nf6 38. c4 a6 39. c5 Nxh5
40. Re8+ Ka7 41. Nc8+ Kb8 42. Nb6+ Kc7 43. Rc8# 1-0